| 000 | 00684nam a2200229 a 4500 | ||
|---|---|---|---|
| 001 | 000040193 | ||
| 005 | 20201002033956.0 | ||
| 008 | 100709s1967 sp 001 0 spa d | ||
| 040 |
_aDO-SdBNP _bspa _cBNPHU |
||
| 082 |
_a862.5 _bZ88d, 1967 |
||
| 100 | 1 |
_aZorrilla, José, _d1817-1893. _94939 |
|
| 245 | 1 | 0 |
_aDon Juan Tenorio : _bel puñal del Godo / _cJosé Zorrilla. |
| 250 | _a7a ed. | ||
| 260 |
_aMadrid : _bAustral, _c1967. |
||
| 300 |
_a177 [16] p. ; _c18 cm. |
||
| 490 | 1 |
_aAustral. _v180 |
|
| 500 | _aIncluye índice de autores | ||
| 650 | 4 |
_aTeatro español _93071 |
|
| 650 | 4 |
_aLiteratura española _9632 |
|
| 830 | 0 |
_aAustral. _pVioleta _v180 _942616 |
|
| 049 | _aEn proceso | ||
| 999 |
_c39683 _d39683 |
||